000 00643nam a2200229Ia 4500
003 OSt
005 20221007062741.0
006 a|||||r|||| 00| 0
007 ta
008 221006b |||||||| |||| 00| 0 eng d
024 _a16,213
037 _cTextual
040 _aFLL
_cFLL
_beng
041 _2eng
_aeng
082 _aX8(J).211.N7, L8
100 _aMencher Joan P.
_9298924
245 0 _aAgriculture and social structure in Tamil Nadu
260 _aBombay
_bAllied Publishers Pvt. Ltd. India
_c1978
300 _a314p
_ccm.
942 _hX8(J).211.N7, L8
_cTEXL
_2CC
999 _c1129442
_d1129442